Websites by Web Page #2 - Statistics

General Stats
  • This quiz has been taken 92 times
  • The average score is 7 of 10
Answers on the Map
Answers color-coded by a green-red scale on the quiz's map according to % correct below.
 
Answer Stats
Answer % Correct
Spotify
99%
Amazon
97%
ChatGPT
97%
Twitch
89%
Gmail
80%
GeoGuessr
70%
Facebook
55%
Tripadvisor
42%
CNN
28%
Internet Archive
28%
No matching quizzes found
Score Distribution
Percent of People with Each Score
Percentile by Number Answered
Your Score History
You have not taken this quiz